000 00871nam a2200229 a 4500
001 24596
003 CO-ViMGA
005 20230915232009.0
008 141112s2004 ck r 000 u spa d
020 _a8497361059
040 _aCO-ViMGA
_bspa
_cCO-ViMGA
041 _aspa
082 0 4 _aI808.83 F11
100 1 _aVega Rodriguez, Gema
_936630
245 1 0 _aFábulas de oro /
_cSamaniego, Fedro, La Fontaine, Esopo, Iriarte ; adaptación Gema Vega Rodríguez ; ilustraciones Antonio Casquero Sánchez, Monserrat Siesto López, Yolanda Puig Tornil.
260 _aMadrid. :
_bLibro - Hobby - Club.,
_c2006.
300 _a68 p. : il. ; 28 cm.
650 1 4 _aFábulas - Colecciones.
700 1 _aVega Rodríguez, Gema.
_936631
942 _2ddc
_cBK
999 _c32416
_d32416